| 000 | 00671nam a2200229Ia 4500 | ||
|---|---|---|---|
| 003 | OSt | ||
| 005 | 20220923220638.0 | ||
| 006 | a|||||r|||| 00| 0 | ||
| 007 | ta | ||
| 008 | 220922b |||||||| |||| 00| 0 hin d | ||
| 024 | _a188,312 | ||
| 037 | _cTextual | ||
| 040 |
_aARTS _cARTS _bhin |
||
| 041 |
_2hin _ahin |
||
| 082 | _aV58:1:N4, 152H8 | ||
| 100 | _aसांकृत्यायन, राहुल | ||
| 245 | 0 | _aसोवियत मध्य एशिया | |
| 246 | _aSoviyat madhya eshiyā | ||
| 260 | _c1948 | ||
| 942 |
_hV58:1:N4, 152H8 _cTEXL _2CC |
||
| 999 |
_c341388 _d341388 |
||